المنظومة القيمية في الفن الإسلامي (Record no. 33776)
[ view plain ]
| 000 -LEADER | |
|---|---|
| fixed length control field | 00691nam a22001817a 4500 |
| 003 - CONTROL NUMBER IDENTIFIER | |
| control field | JO-AjAnu |
| 005 - DATE AND TIME OF LATEST TRANSACTION | |
| control field | 20241019123451.0 |
| 008 - FIXED-LENGTH DATA ELEMENTS--GENERAL INFORMATION | |
| fixed length control field | 241019b jo ||||| |||| 00| 0 ara d |
| 020 ## - INTERNATIONAL STANDARD BOOK NUMBER | |
| International Standard Book Number | 5-538-76-9957-978 |
| 040 ## - CATALOGING SOURCE | |
| Transcribing agency | JO-AjAnu |
| 100 ## - MAIN ENTRY--PERSONAL NAME | |
| Personal name | الخفاجي، عارف وحيد |
| Relator term | مؤلف |
| 9 (RLIN) | 66344 |
| 245 ## - TITLE STATEMENT | |
| Title | المنظومة القيمية في الفن الإسلامي |
| Statement of responsibility, etc. | / عارف وحيد الخفاجي ؛ ايمان خزعل عباس |
| 260 ## - PUBLICATION, DISTRIBUTION, ETC. | |
| Place of publication, distribution, etc. | عمان : |
| Name of publisher, distributor, etc. | دار الرضوان للنشر والتوزيع، |
| Date of publication, distribution, etc. | 2018 |
| 300 ## - PHYSICAL DESCRIPTION | |
| Extent | 464 صفحة |
| 650 ## - SUBJECT ADDED ENTRY--TOPICAL TERM | |
| Form subdivision | الفن الاسلامي |
| 700 ## - ADDED ENTRY--PERSONAL NAME | |
| Personal name | إيمان خزعل عباس |
| Relator term | مؤلف مشارك |
| 9 (RLIN) | 66345 |
| 942 ## - ADDED ENTRY ELEMENTS (KOHA) | |
| Source of classification or shelving scheme | Library of Congress Classification |
| Koha item type | Books |
| Suppress in OPAC | No |
| Withdrawn status | Lost status | Source of classification or shelving scheme | Damaged status | Not for loan | Home library | Current library | Date acquired | Total Checkouts | Full call number | Barcode | Date last seen | Price effective from | Koha item type |
|---|---|---|---|---|---|---|---|---|---|---|---|---|---|
| Library of Congress Classification | مكتبة جامعة عجلون الوطنية | مكتبة جامعة عجلون الوطنية | 19/10/2024 | N6260.K434.2018 | A30097 | 19/10/2024 | 19/10/2024 | Books |